000 00722cab a2200229 4500
001 WB3418-23
008 090401t1998 xxu||||| |||| 00| 0 eng d
035 _a(Sirsi) u86131
041 _aeng
245 _aRepossessions set to soar
260 _c1998
350 _a0
490 _aSunday Times
_v10 May 1998, 3.4(1)
520 _aThe number of home repossessions is set to increase sharply over the next eighteen months. Lenders have waited until house prices have recovered so they can sell properties without losing money.
650 _aHOMEOWNERS
650 _aMORTGAGE ARREARS
650 _aNEGATIVE EQUITY
650 _aREPOSSESSIONS
690 _aHOUSING-FINANCE
942 _n0
948 _c12/05/1998
999 _c54184
_d54184